THE MICROSTRUCTURE AND PROPERTIES OF ULTRAFINE DISPERSION STRENGTHENED Cu MATERIALS

Bibliographic Details
Main Authors: Ďurišin, J. (Author), Ďurišinová, K. (Author), Orolínová, Mária (Author), Katana, V. (Author)
Format: Article
Language:English
ISBN:8096822195

MARC

LEADER 00000naa a2200000uu 4500
001 vtls010941355
003 SK-MaSNL
005 20260302140155.0
008 210904|1999 xo |||||||||||||||||eng|
015 |a SNBRA 
035 |a (urnnbn)urn:nbn:sk:snk:ar-a0bc0n 
035 |a (uuid)0d0ab002-26c5-4fdd-8b09-a9731b2d4f5e 
035 |a urn:nbn:sk:snk-aau4a7 
040 |a SNKBUCL  |b slo  |c SNKBUCL  |e AACR2 
041 0 |a eng 
044 |a xo  |c SK 
100 1 |a Ďurišin, J.  |4 aut  |9 627859 
245 1 0 |a THE MICROSTRUCTURE AND PROPERTIES OF ULTRAFINE DISPERSION STRENGTHENED Cu MATERIALS  |c J. Ďurišin, K. Ďurišinová, M. Orolínová, V. Katana 
700 1 |a Ďurišinová, K.  |4 aut  |9 826062 
700 1 |a Orolínová, Mária  |4 aut  |9 231600 
700 1 |a Katana, V.  |4 aut  |9 826063 
773 0 |t Deformation and fracture in structural PM materials DF PM '99  |d Košice : Institute of materials research of the Slovak academy of sciences], 1999, 1999  |g S. 82-87  |z 8096822195 
958 |a OND 
958 |a article11 
958 |a chapter 
999 |c 1329613  |d 1331543